[Event "BIH-chT1 30th"]
[Site "Gorazde"]
[Date "2023.08.27"]
[Round "3.5"]
[White "Hadzic, Sabahet"]
[Black "Hamzic, Sefko"]
[Result "1-0"]
[WhiteElo "1983"]
[BlackElo "2173"]
[PlyCount "61"]
[EventDate "2023.08.26"]
[EventType "team-tourn"]
[EventRounds "9"]
[EventCountry "BIH"]
[SourceTitle "EXT 2024"]
[Source "ChessBase"]
[SourceDate "2023.10.10"]
[SourceVersion "1"]
[SourceVersionDate "2023.10.10"]
[SourceQuality "1"]

1. d4 d6 2. Bf4 g6 3. e3 Bg7 4. Nf3 Nf6 5. h4 Bg4 6. Be2 Nbd7 7. Nbd2 0-0 8. c3 Re8 9. Qb3 e5 10. Bg5 exd4 11. cxd4 h6 12. Bxf6 Nxf6 13. Qxb7 Rb8 14. Qxa7 Rxb2 15. Bc4 d5 16. Bb3 Bf8 17. 0-0-0 Rxd2 18. Rxd2 Ne4 19. Rc2 c5 20. dxc5 Bxf3 21. gxf3 Qf6 22. fxe4 Qa1+ 23. Kd2 Qxh1 24. Bxd5 Re7 25. Qb6 Qg1 26. Ke2 Qg4+ 27. Kd3 Kg7 28. c6 Qd1+ 29. Rd2 Qf1+ 30. Kc2 Qh3 31. Qd8 1-0

[Event "Bihac-chT1"]
[Site "Bihac"]
[Date "2014.08.26"]
[Round "6"]
[White "Hamzic, Sefko"]
[Black "Lakota, Izet"]
[Result "1-0"]
[WhiteElo "2235"]
[BlackElo "1806"]
[PlyCount "65"]
[EventDate "2014.08.23"]
[EventType "swiss"]
[EventRounds "9"]
[EventCountry "BIH"]
[SourceTitle "EXT 2015"]
[Source "ChessBase"]
[SourceDate "2014.11.20"]
[SourceVersion "1"]
[SourceVersionDate "2014.11.20"]
[SourceQuality "1"]

1. e4 d5 2. Nc3 d4 3. Nce2 Bg4 4. d3 c5 5. h3 Bd7 6. f4 Nc6 7. Nf3 Qc7 8. c3 dxc3 9. bxc3 g6 10. Be3 b6 11. g4 h5 12. g5 Bg7 13. Bg2 e5 14. 0-0 Nge7 15. fxe5 Nxe5 16. Nxe5 Bxe5 17. d4 Bh2+ 18. Kh1 h4 19. e5 Bxe5 20. Bxa8 Bxh3 21. dxe5 0-0 22. Bg2 Bxg2+ 23. Kxg2 Qxe5 24. Qd3 Nd5 25. Bf4 Qe6 26. Qf3 Ne7 27. Rae1 Nf5 28. Nd4 Nxd4 29. cxd4 Qxa2+ 30. Re2 Qc4 31. Be5 Re8 32. d5 Re7 33. d6 1-0

[Event "Bihac-chT1"]
[Site "Bihac"]
[Date "2014.08.26"]
[Round "5"]
[White "Ruznic, Ramiz"]
[Black "Hamzic, Sefko"]
[Result "1/2-1/2"]
[WhiteElo "2056"]
[BlackElo "2235"]
[PlyCount "67"]
[EventDate "2014.08.23"]
[EventType "swiss"]
[EventRounds "9"]
[EventCountry "BIH"]
[SourceTitle "EXT 2015"]
[Source "ChessBase"]
[SourceDate "2014.11.20"]
[SourceVersion "1"]
[SourceVersionDate "2014.11.20"]
[SourceQuality "1"]

1. d4 g6 2. Nf3 Bg7 3. c4 c5 4. e3 cxd4 5. exd4 d6 6. Be2 Nc6 7. Nc3 Nf6 8. 0-0 0-0 9. h3 d5 10. c5 Ne4 11. Nb5 a6 12. Na3 e5 13. Be3 exd4 14. Nxd4 Re8 15. Nac2 f5 16. Rc1 Qc7 17. Nxc6 bxc6 18. Bd4 Bh6 19. Ra1 a5 20. Bd3 Bf8 21. Re1 Bd7 22. Bxe4 fxe4 23. Qd2 Re7 24. Rac1 Rf7 25. Qg5 Rf5 26. Qh4 Rf7 27. Re3 h6 28. Rf1 Kh7 29. Qg3 Qa7 30. Rc3 Rb8 31. b3 Rb5 32. Na3 Rb4 33. Nc2 Rxd4 34. Nxd4 1/2-1/2

[Event "BIH-chT1B"]
[Site "Neum"]
[Date "2012.08.30"]
[Round "8.2"]
[White "Smailkadic, Nadir"]
[Black "Hamzic, Sefko"]
[Result "0-1"]
[WhiteElo "2152"]
[BlackElo "2250"]
[PlyCount "116"]
[EventDate "2012.08.25"]
[EventType "team-tourn"]
[EventRounds "9"]
[EventCountry "BIH"]
[SourceTitle "CBM 150 Extra"]
[Source "ChessBase"]
[SourceDate "2012.10.19"]
[SourceVersion "1"]
[SourceVersionDate "2012.10.19"]
[SourceQuality "1"]

1. e4 d6 2. d4 g6 3. Nc3 Bg7 4. Bg5 c6 5. Qd2 Qa5 6. h4 b5 7. f3 Nd7 8. h5 b4 9. Nce2 c5 10. h6 Bf6 11. Nc1 cxd4 12. Bxf6 Ngxf6 13. Nb3 Qb6 14. Nxd4 0-0 15. Bc4 Ne5 16. Bb3 a5 17. c3 a4 18. Bd1 Nc4 19. Qc1 a3 20. b3 Nb2 21. Be2 Ba6 22. Nf5 Qc7 23. c4 Kh8 24. Ne3 Bb7 25. Qd2 Qc5 26. Nh3 Bxe4 27. fxe4 Nxe4 28. Qc1 Ng3 29. Nf2 Nxh1 30. Nxh1 Qe5 31. Nf2 f5 32. Nd5 Rab8 33. Qd2 Nxc4 34. bxc4 Qxa1+ 35. Nd1 Qe5 36. Nxb4 Qa5 37. Qc3+ e5 38. Nc6 Qxc3+ 39. Nxc3 Rb2 40. Kd1 Rf7 41. c5 dxc5 42. Nxe5 Re7 43. Nc4 Rb4 44. Nxa3 Ra7 45. Nab5 Rd7+ 46. Kc2 Rh4 47. a4 Rxh6 48. Kb3 Rh1 49. a5 Ra1 50. Na4 Rb1+ 51. Kc2 Re1 52. Bc4 Rg1 53. Nb6 Rxg2+ 54. Kb3 Rg3+ 55. Ka4 Rd1 56. Nc7 Rb1 57. Ncd5 Ra1+ 58. Kb5 Rga3 0-1

[Event "BIH-chT1B"]
[Site "Neum"]
[Date "2012.08.26"]
[Round "3.4"]
[White "Catovic, Sulejman"]
[Black "Hamzic, Sefko"]
[Result "1-0"]
[WhiteElo "2224"]
[BlackElo "2250"]
[PlyCount "73"]
[EventDate "2012.08.25"]
[EventType "team-tourn"]
[EventRounds "9"]
[EventCountry "BIH"]
[SourceTitle "CBM 150 Extra"]
[Source "ChessBase"]
[SourceDate "2012.10.19"]
[SourceVersion "1"]
[SourceVersionDate "2012.10.19"]
[SourceQuality "1"]

1. d4 d6 2. e4 g6 3. Nc3 Bg7 4. f4 Nf6 5. Nf3 c6 6. Bd3 b5 7. Qe2 b4 8. Nd1 0-0 9. 0-0 Qb6 10. Kh1 c5 11. Be3 Bb7 12. d5 Qc7 13. c4 bxc3 14. Nxc3 Nbd7 15. Rac1 e6 16. dxe6 fxe6 17. Ng5 Rfe8 18. Rcd1 Nf8 19. Bc4 Rad8 20. Bf2 d5 21. Bb5 Re7 22. e5 Nh5 23. Bh4 Bh6 24. Nh3 Rf7 25. Bxd8 Qxd8 26. Qg4 Qb6 27. Rf2 d4 28. Bc4 dxc3 29. bxc3 Qc6 30. f5 Bc8 31. fxg6 hxg6 32. Rxf7 Kxf7 33. Rf1+ Kg7 34. Ng5 Bxg5 35. Qxg5 Nh7 36. Qe7+ Kh6 37. Rf7 1-0

[Event "BIH-chT2"]
[Site "Neum"]
[Date "2008.08.24"]
[Round "3.2"]
[White "Kadusic, Jasmin"]
[Black "Hamzic, Sefko"]
[Result "0-1"]
[WhiteElo "1974"]
[BlackElo "2255"]
[PlyCount "124"]
[EventDate "2008.08.23"]
[EventType "team"]
[EventRounds "9"]
[EventCountry "BIH"]
[SourceTitle "CBM 126 Extra"]
[Source "ChessBase"]
[SourceDate "2008.11.05"]
[SourceVersion "1"]
[SourceVersionDate "2008.11.05"]
[SourceQuality "1"]

1. d4 Nf6 2. Nc3 g6 3. e4 d6 4. f3 Bg7 5. Be3 0-0 6. Qd2 Nc6 7. g4 e5 8. d5 Nd4 9. Nb5 Nxb5 10. Bxb5 a6 11. Ba4 b5 12. Bb3 a5 13. c3 Nd7 14. 0-0-0 Nb6 15. Bh6 a4 16. Bxg7 axb3 17. axb3 Kxg7 18. Ne2 Ra1+ 19. Kc2 Rxd1 20. Kxd1 Qf6 21. Qe3 Bd7 22. h4 Qe7 23. h5 g5 24. Kc2 h6 25. Ra1 Qd8 26. Ra6 Qc8 27. Ra7 Qb8 28. Ra2 Qb7 29. Qd2 c6 30. dxc6 Qxc6 31. Ra6 Qb7 32. Ra5 Qc7 33. Ra6 Bc8 34. Ra1 Be6 35. Ra6 b4 36. Qd3 bxc3 37. bxc3 Rb8 38. Nc1 d5 39. exd5 Nxd5 40. Kb2 Qc5 41. Rxe6 fxe6 42. Qg6+ Kf8 43. Qxh6+ Ke7 44. Qxg5+ Kd6 45. Qd2 Qe3 46. Kc2 Qxf3 47. c4 Qe4+ 48. Kd1 Rf8 49. Nd3 Ne3+ 50. Kc1 Qd4 51. Qb4+ Kc6 52. Qb5+ Kc7 53. Qxe5+ Qxe5 54. Nxe5 Kd6 55. Ng6 Rf1+ 56. Kd2 Nxg4 57. b4 Rh1 58. Kc3 Rxh5 59. c5+ Kd7 60. Kb3 Ne5 61. Nf4 Rh4 62. c6+ Nxc6 0-1

[Event "BIH CFFBH-chT2"]
[Site "Neum"]
[Date "2007.08.30"]
[Round "8"]
[White "Sadikovic, Samir"]
[Black "Hamzic, Sefko"]
[Result "1-0"]
[WhiteElo "2246"]
[BlackElo "2302"]
[PlyCount "53"]
[EventDate "2007.08.25"]
[EventType "team-tourn"]
[EventRounds "9"]
[EventCountry "BIH"]
[SourceTitle "EXT 2023"]
[Source "ChessBase"]
[SourceDate "2022.10.05"]
[SourceVersion "1"]
[SourceVersionDate "2022.10.05"]
[SourceQuality "1"]

1. e4 c5 2. Nf3 Nc6 3. d4 cxd4 4. Nxd4 Nf6 5. Nc3 e5 6. Ndb5 d6 7. a4 h6 8. Be2 Be7 9. Be3 0-0 10. g4 a6 11. Na3 Be6 12. Bf3 Rb8 13. h4 b5 14. axb5 axb5 15. Naxb5 Bc4 16. Na3 Be6 17. g5 hxg5 18. hxg5 Nh7 19. Bg4 Nxg5 20. Bf5 g6 21. Qg4 Nd4 22. 0-0-0 Qb6 23. Ncb5 Rfc8 24. Rxd4 Bxf5 25. exf5 Qc6 26. Qh4 Bf6 27. Rxd6 1-0

[Event "BIH CFFBH-chT2"]
[Site "Neum"]
[Date "2007.08.26"]
[Round "3"]
[White "Brkic, Mustafa"]
[Black "Hamzic, Sefko"]
[Result "1-0"]
[WhiteElo "2071"]
[BlackElo "2302"]
[PlyCount "103"]
[EventDate "2007.08.25"]
[EventType "team-tourn"]
[EventRounds "9"]
[EventCountry "BIH"]
[SourceTitle "EXT 2023"]
[Source "ChessBase"]
[SourceDate "2022.10.05"]
[SourceVersion "1"]
[SourceVersionDate "2022.10.05"]
[SourceQuality "1"]

1. b3 d6 2. d4 Nf6 3. Nf3 c5 4. e3 g6 5. Bb5+ Bd7 6. Bxd7+ Nbxd7 7. 0-0 Bg7 8. Bb2 0-0 9. dxc5 Nxc5 10. c4 Qd7 11. Nc3 Rfc8 12. Rb1 a6 13. Nd5 Nxd5 14. Qxd5 Bxb2 15. Rxb2 b5 16. Rc2 b4 17. Rd1 Ra7 18. Ng5 Ne6 19. Nxe6 fxe6 20. Qd4 a5 21. Rcd2 Rac7 22. e4 Qc6 23. e5 d5 24. cxd5 exd5 25. Qxd5+ Qxd5 26. Rxd5 Rc5 27. Kf1 Kf7 28. f4 Ke6 29. Rxc5 Rxc5 30. Rd2 Kf5 31. g3 g5 32. fxg5 Kxg5 33. Re2 Kf5 34. Kf2 e6 35. Kf3 Rc3+ 36. Re3 Rc2 37. Re2 Rc3+ 38. Re3 Rc2 39. Re2 Rc5 40. g4+ Kg5 41. h4+ Kg6 42. Ke4 Rc1 43. Rf2 Re1+ 44. Kd4 Rg1 45. Rf6+ Kg7 46. Rxe6 Rxg4+ 47. Kd5 Rg2 48. Re7+ Kg8 49. Ra7 Rxa2 50. h5 Rb2 51. h6 Rxb3 52. Ke6 1-0

[Event "BIH CFFBH-chT2"]
[Site "Neum"]
[Date "2007.08.26"]
[Round "2"]
[White "Hamzic, Sefko"]
[Black "Corbadzic, Samir"]
[Result "0-1"]
[WhiteElo "2302"]
[BlackElo "2118"]
[PlyCount "78"]
[EventDate "2007.08.25"]
[EventType "team-tourn"]
[EventRounds "9"]
[EventCountry "BIH"]
[SourceTitle "EXT 2023"]
[Source "ChessBase"]
[SourceDate "2022.10.05"]
[SourceVersion "1"]
[SourceVersionDate "2022.10.05"]
[SourceQuality "1"]

1. e4 e6 2. c4 d5 3. cxd5 exd5 4. exd5 Qxd5 5. Nc3 Qa5 6. Bc4 Nf6 7. Qe2+ Be7 8. b4 Qf5 9. Nf3 Be6 10. Bxe6 Qxe6 11. Qxe6 fxe6 12. a3 0-0 13. 0-0 Nd5 14. Re1 Bf6 15. Nxd5 exd5 16. d4 Nd7 17. Be3 Nb6 18. Nd2 Rfe8 19. g3 Re7 20. Rec1 Na4 21. Rab1 a6 22. Rb3 c6 23. h4 h6 24. Kg2 Rae8 25. Rh1 h5 26. Kf3 Nb6 27. Rc1 Nc8 28. a4 Nd6 29. Kg2 Nf5 30. b5 axb5 31. axb5 Bxd4 32. Bg5 Re6 33. bxc6 bxc6 34. Nf3 Bf6 35. Rb6 Rc8 36. Rd1 Kf7 37. Rb4 Re2 38. Rf4 Ne3+ 39. Kg1 Nxd1 0-1

[Event "BIH CFFBH-chT2"]
[Site "Neum"]
[Date "2007.08.25"]
[Round "1"]
[White "Zivkovic, Sava"]
[Black "Hamzic, Sefko"]
[Result "1-0"]
[WhiteElo "2335"]
[BlackElo "2302"]
[PlyCount "89"]
[EventDate "2007.08.25"]
[EventType "team-tourn"]
[EventRounds "9"]
[EventCountry "BIH"]
[SourceTitle "EXT 2023"]
[Source "ChessBase"]
[SourceDate "2022.10.05"]
[SourceVersion "1"]
[SourceVersionDate "2022.10.05"]
[SourceQuality "1"]

1. e4 d6 2. d4 Nf6 3. Nc3 g6 4. g3 Bg4 5. Qd3 c6 6. Bg2 Bg7 7. h3 Bc8 8. Nge2 Qc7 9. 0-0 0-0 10. f4 e5 11. dxe5 dxe5 12. f5 Na6 13. a3 gxf5 14. exf5 Rd8 15. Qc4 Kh8 16. Bg5 Rg8 17. Qh4 Nd7 18. f6 Bf8 19. Be4 Bc5+ 20. Kh2 Nf8 21. Bh6 Ng6 22. Bg7+ Rxg7 23. fxg7+ Kxg7 24. Qf6+ Kg8 25. Bxg6 hxg6 26. Ne4 Be6 27. Nxc5 Nxc5 28. Nc3 Nd7 29. Qf2 Qb6 30. Qxb6 axb6 31. Ne4 Kf8 32. g4 f5 33. Nd6 f4 34. Rfe1 Ke7 35. Ne4 Rh8 36. Nf2 b5 37. a4 bxa4 38. Rxa4 Kd6 39. Ra7 Kc7 40. b3 Bd5 41. c4 Bf3 42. b4 e4 43. Nxe4 Rf8 44. Ng5 Bxg4 45. hxg4 1-0

[Event "Secondario 15th"]
[Site "Caorle"]
[Date "1990.07.13"]
[Round "7.6"]
[White "Stankovic, Andrej"]
[Black "Hamzic, Sefko"]
[Result "0-1"]
[WhiteElo "1800"]
[BlackElo "2000"]
[PlyCount "66"]
[EventDate "1990.07.07"]
[EventType "swiss"]
[EventRounds "8"]
[EventCountry "ITA"]
[SourceTitle "EXT 2023"]
[Source "ChessBase"]
[SourceDate "2022.10.05"]
[SourceVersion "1"]
[SourceVersionDate "2022.10.05"]
[SourceQuality "1"]

1. e4 c5 2. Nc3 Nc6 3. g3 g6 4. Bg2 Bg7 5. d3 d6 6. f4 e6 7. Nf3 Nge7 8. 0-0 0-0 9. g4 Nd4 10. Ne2 Nxe2+ 11. Qxe2 Nc6 12. Qf2 b5 13. Kh1 Bd7 14. e5 dxe5 15. Qxc5 exf4 16. Bxf4 e5 17. Nxe5 Nxe5 18. Bxe5 Rc8 19. Qd4 Bxe5 20. Qxe5 Rxc2 21. Rac1 Rxc1 22. Rxc1 Re8 23. Qc5 a6 24. h3 Qh4 25. Qd4 Be6 26. Rc6 h5 27. Rxa6 hxg4 28. Qe4 Bd7 29. Ra8 Rxa8 30. Qxa8+ Kh7 31. Qd5 Qe1+ 32. Bf1 Qxf1+ 33. Kh2 Qxh3+ 0-1

[Event "Secondario 15th"]
[Site "Caorle"]
[Date "1990.07.11"]
[Round "5.9"]
[White "Piva, Giorgio"]
[Black "Hamzic, Sefko"]
[Result "1/2-1/2"]
[WhiteElo "1990"]
[BlackElo "2000"]
[PlyCount "140"]
[EventDate "1990.07.07"]
[EventType "swiss"]
[EventRounds "8"]
[EventCountry "ITA"]
[SourceTitle "EXT 2023"]
[Source "ChessBase"]
[SourceDate "2022.10.05"]
[SourceVersion "1"]
[SourceVersionDate "2022.10.05"]
[SourceQuality "1"]

1. d4 d5 2. Nf3 Nf6 3. c4 e6 4. Nc3 Be7 5. Bg5 0-0 6. e3 h6 7. Bxf6 Bxf6 8. Rc1 b6 9. Qc2 Bb7 10. cxd5 exd5 11. Bd3 Re8 12. 0-0 c6 13. Rfd1 Na6 14. a3 Nc7 15. b4 Qd7 16. Qb1 a6 17. Na4 Qd6 18. Nxb6 Rab8 19. Bh7+ Kh8 20. Bf5 Re7 21. Qc2 g6 22. Bh3 Ne6 23. Na4 Ng5 24. Nxg5 hxg5 25. Nc5 Bc8 26. Bxc8 Rxc8 27. Qd3 Kg7 28. e4 dxe4 29. Nxe4 Qe6 30. Nxf6 Qxf6 31. d5 Rd8 32. Qxa6 Rxd5 33. Rxd5 cxd5 34. Qxf6+ Kxf6 35. Kf1 Ra7 36. Rc3 Ke5 37. Ke2 Kd4 38. Kd2 g4 39. b5 Ra5 40. Rb3 Kc4 41. Rb2 Rxa3 42. b6 Ra8 43. b7 Rb8 44. Rb1 Kd4 45. Rb4+ Kc5 46. Kc3 d4+ 47. Rxd4 Rxb7 48. Rxg4 Kd5 49. Rf4 Ke5 50. g3 g5 51. Rf3 f5 52. Re3+ Kf6 53. h4 Rh7 54. hxg5+ Kxg5 55. Rf3 Rd7 56. Rf4 Rd8 57. Rd4 Ra8 58. Kd3 Ra3+ 59. Ke2 Rb3 60. Kf1 Ra3 61. Kg2 Ra2 62. Rd8 Ra3 63. f4+ Kf6 64. Rd6+ Kg7 65. Kh3 Kf7 66. Kh4 Ke7 67. Rg6 Kf7 68. Kh5 Rb3 69. Rg5 Kf6 70. Kh6 Ra3 1/2-1/2

[Event "Secondario 15th"]
[Site "Caorle"]
[Date "1990.07.09"]
[Round "3.3"]
[White "Werther, Florian"]
[Black "Hamzic, Sefko"]
[Result "1-0"]
[WhiteElo "1900"]
[BlackElo "2000"]
[PlyCount "71"]
[EventDate "1990.07.07"]
[EventType "swiss"]
[EventRounds "8"]
[EventCountry "ITA"]
[SourceTitle "EXT 2023"]
[Source "ChessBase"]
[SourceDate "2022.10.05"]
[SourceVersion "1"]
[SourceVersionDate "2022.10.05"]
[SourceQuality "1"]

1. e4 c5 2. Nf3 Nc6 3. d4 cxd4 4. Nxd4 Nf6 5. Nc3 e5 6. Ndb5 d6 7. Bg5 a6 8. Bxf6 gxf6 9. Na3 b5 10. Nd5 f5 11. Bd3 Be6 12. c3 Bg7 13. Bc2 Bxd5 14. Qxd5 Ne7 15. Qb3 0-0 16. exf5 d5 17. Rd1 Qb6 18. 0-0 Rab8 19. Bb1 Rfc8 20. Nc2 Rd8 21. Ne3 Qc6 22. Qb4 Bf6 23. Ng4 e4 24. f3 e3 25. Rfe1 d4 26. Be4 Qb6 27. Nxf6+ Qxf6 28. cxd4 Rbc8 29. d5 Rc4 30. Qa5 Rd6 31. b3 Rc3 32. Qb4 Kg7 33. Kh1 Qe5 34. g4 h5 35. f4 Qf6 36. g5 1-0